Obálka Náhled e-knihy:
PDF Epub
Pro půjčování e-knih musíte být přihlášeni.
Jak si půjčit online?

Kořist /

Může vám jediné setkání změnit život k nepoznání? Vesmírná romance ze světa, kde je spravedlnost pouhou iluzí - a rovné šance neexistují.

Uloženo v:
Hlavní autor: Horáková, Mila A., 1993- (Autor)
Médium: E-kniha
Jazyk:Czech
Vydáno: V Praze : Pointa, 2025
Vydání:První vydání
Témata:
Tagy:
Žádné tagy
LEADER 02201nam a2200397 i 4500
001 312885
003 CZ PrSKC
005 20260601215730.0
007 ta
008 251209s2025 xr a g 000 f cze
015 |a cnb003723133 
020 |a 9788076918580  |q (brožováno) :  |c Kč 399,00 
035 |a (OCoLC)1572322121 
040 |a ABG001  |b cze  |d ABA001  |e rda 
072 7 |a 821.162.3-3  |x Česká próza  |2 Konspekt 
080 |a 821.162.3-31  |2 MRF 
080 |a (0:82-311.9)  |2 MRF 
100 1 |a Horáková, Mila A.,  |d 1993-  |7 xx0339332  |4 aut 
245 1 0 |a Kořist /  |c Mila A. Horáková 
250 |a První vydání 
264 1 |a V Praze :  |b Pointa,  |c 2025 
300 |a 261 stran :  |b ilustrace ;  |c 20 cm 
336 |a text  |b txt  |2 rdacontent 
337 |a bez média  |b n  |2 rdamedia 
338 |a svazek  |b nc  |2 rdacarrier 
520 2 |a Může vám jediné setkání změnit život k nepoznání? Vesmírná romance ze světa, kde je spravedlnost pouhou iluzí - a rovné šance neexistují.  |b Po matčině smrti se Connie vydává do Británie, ale idylu anglického venkova záhy vystřídá ledová planeta, jejíž obyvatelé nestojí o nezvané hosty. Nevyzpytatelní Toriové jí usilují o život - a jediným vodítkem k tomu, proč se na Eiru dostala, zůstává deník lidské léčitelky Isabelle. Kdo je tajemný cizinec, který ji do všeho zatáhl? A podaří se Connie uniknout dřív, než bude pozdě - nebo ji čeká stejný osud jako Isabelle? Nakladatelská anotace. 
655 7 |a české romány  |7 fd133974  |2 czenas 
655 7 |a vědecko-fantastické romány  |7 fd133847  |2 czenas 
655 9 |a Czech fiction  |2 eczenas 
655 9 |a science fiction novels  |2 eczenas 
900 |a ABA001  |b 19 
928 9 |a Albatros Media - Pointa 
044 |a xr 
910 |a RBIT002 
998 |d 424236  |a https://core.palmknihy.cz/api/books/424236/cover?t6ov8o  |b https://core.palmknihy.cz/api/books/424236/cover/400?t6ov8o  |c https://core.palmknihy.cz/api/books/424236/cover/50?t6ov8o  |e 2030-01-08  |g 264  |i 9788076918580  |j https://core.palmknihy.cz/api/books/424236/preview.epub  |k https://core.palmknihy.cz/api/books/424236/preview.pdf  |l   |q 49  |r 1  |s https://www.palmknihy.cz/kniha/424236  |t ebook  |y 2025  |z 0 
999 |d 312883